000 01439cam a22003737a 4500
003 CHAP
005 20220817043630.0
008 000307d1995 mx r 00010 spa d
010 _a80197
011 _a81169
035 _a91631
040 _cCHAP
090 _aFolleto 15486
100 0 0 _aRosellón, Juan.
_9100100
245 3 _aEl efecto del TLC en las relaciones de comercio e inversión entre la CE y México en el sector manufacturero :
_buna reseña de la investigción y de la información empírica
_c/por Juan Rosellón
260 _aMéxico, D. F. :
_bCentro de Investigación y Docencia Económica. División de Economía,
_c1995.
300 _a64 h. :
410 _aCIDE. División de Economía
490 0 _aDocumento de trabajo
_v; 43
590 _aBATCH-UPD
_b10
_c20130110
_lUCH01
_h0718
590 _aBATCH-UPD
_b10
_c20130110
_lUCH01
_h2348
590 _aBATCH-UPD
_b10
_c20130410
_lUCH01
_h0402
590 _aBATCH-UPD
_b10
_c20130914
_lUCH01
_h1212
590 _aCONVERSION
_b10
_c20130109
_lUCH01
_h1345
650 1 4 _aExportación e importación
_zMéxico.
_939119
650 1 4 _aIndustrias manufactureras.
_958008
650 1 4 _aTratado Trilateral de Libre Comercio.
810 0 0 _aCIDE. División de Economía
_923094
830 0 _aDocumento de trabajo
_v; 43
_933227
901 _aBK
905 _aBlanca M. García O.
942 _cFOLL
949 _aFolleto 15486
_bBC
_cFOLL
_d916311
_eTS1
_gI. C/E
_i91631
_sb
_t$16.00
999 _c80197
_d80197